00386 a2200133 450000100060000002000180000604000220002410000200004624000420006624500370010830000080014536200090015365000900016261343 a9783190018703 cAnchieta - Pituba aNeuner, Gerhard10aFit für fit in deutsch 1 und 2lpor10aFit für fit in deutsch 1 und 2 a1420 a2007 4a Uso padrão da língua alemã (prescptiva linguística - proficiência alemã)